Most Watched TV Series Finales in the US - Statistics

General Stats
  • This quiz has been taken 1,916 times
  • The average score is 6 of 20
Answer Stats
Rank Air Date Series % Correct
4 6 May 2004 Friends
91%
3 14 May 1998 Seinfeld
65%
1 28 Feb 1983 M*A*S*H
63%
2 20 May 1993 Cheers
60%
11 3 May 1991 Dallas
48%
10 13 May 2004 Frasier
38%
7 8 Apr 1979 All in the Family
35%
6 30 Apr 1992 The Cosby Show
35%
17 9 May 1992 The Golden Girls
24%
18 23 May 1995 Full House
22%
8 14 May 1989 Family Ties
20%
9 25 May 1999 Home Improvement
19%
12 16 May 2005 Everybody Loves Raymond
17%
13 31 Mar 1975 Gunsmoke
14%
15 21 May 1990 Newhart
10%
16 23 May 1994 Star Trek: The Next Generation
9%
19 25 May 1988 St. Elsewhere
8%
14 29 Aug 1967 The Fugitive
8%
5 22 May 1992 The Tonight Show Starring Johnny Carson
8%
20 21 May 1992 MacGyver
2%
No matching quizzes found
Score Distribution
Percent of People with Each Score
Percentile by Number Answered
Your Score History
You have not taken this quiz